Quiz o Jastrzębiu-Zdroju - Statystyki

Ogólne statystyki
  • Ten quiz został rozwiązany 19 razy
    16 od ostatniego zresetowania
  • Średni wynik to 10 z 14
Statystyki odpowiedzi
Pytanie Odpowiedź % Poprawnych
Jak nazywa się klub z Jastrzębia-Zdroju, który cztery razy wygrał mistrzostwa Polski w siatkówce? JSW Jastrzębski Węgiel
100%
Kto był jego/jej przeciwnikiem/czką w II turze wyborów samorządowych w 2024 r? Anna Hetman
89%
Jaki piłkarz urodzony w Jastrzębiu-Zdroju zanotował 103 występy w reprezentacji Polski? Kamil Glik
89%
Kto w 2024 r. został wybrany na urząd prezydenta Jastrzębia-Zdroju? Michał Urgoł
89%
Co funkcjonowało w Jastrzębiu-Zdroju od połowy XIX w., aż do lat 90. XX wieku? Uzdrowisko
89%
Jakie złoże naturalne odkryto w latach 50. XX. wieku, co przyczyniło się do dynamicznego rozwoju miasta? Węgiel kamienny
89%
Czyim imieniem został nazwany Park Zdrojowy? Mikołaja Witczaka
78%
Jak nazywa się ulica, przy której znajduje się blok budzący kontrowersje wśród mieszkańców? Północna
78%
Jakie znane przedsiębiorstwo ma swoją główną siedzibę przy ulicy Chlebowej 14 w Jastrzębiu-Zdroju? Prymat
78%
Jak nazywa się okrężny szlak rowerowy przebiegający m.in. przez Jastrzębie-Zdrój, którego trasa częściowo przebiega starotorzem linii kolejowych nr 159 i 170? {Żelazny} Szlak Rowerowy
78%
Jak nazywała się kopalnia powyższego, przy której w 1981 r. podpisano porozumienia sierpniowe? KWK Manifest Lipcowy
67%
Jak nazywa się powiat, z którym Jastrzębie-Zdrój graniczy od zachodu? wodzisławski
67%
Kto urodzony w 1894 r. na terenie obecnego Jastrzębia-Zdroju, uratował życie tysięcy ludzi, w tym Żydów, podczas II wojny światowej? Henryk Sławik
33%
Kto stworzył Jastrzębski Klub Fotograficzny "Niezależni"? Zofia i Jerzy {Lubczyńscy}
11%
Nie znaleziono quizów pasujących do podanych kryteriów
Rozkład punktacji
Procent ludzi z każdym wynikiem
Percentyl według liczby udzielonych odpowiedzi
Twoja historia wyników
Nie rozwiązałeś tego quizu od ostatniego zresetowania